00378pab a2200133 454500008004000000100002200040245006800062260000900130300000900139362000900148650003100157700002200188773003400210180718b1983 xxu||||| |||| 00| 0 eng d aKleiner, Brian H. aTechniques for an effective subordinate/supervisor relationship c1983 a22-5 aDec. aInter - Personal Relations aLorraine Peterson aJournal of Systems Management